For Sale: The American Dream (Record no. 333255)
[ view plain ]
| 000 -LEADER | |
|---|---|
| fixed length control field | 00498nam a2200097Ia 4500 |
| 008 - FIXED-LENGTH DATA ELEMENTS--GENERAL INFORMATION | |
| fixed length control field | 170517s9999 xx 000 0 und d |
| 245 ## - TITLE STATEMENT | |
| Title | For Sale: The American Dream |
| 300 ## - PHYSICAL DESCRIPTION | |
| Extent | The US' housing bubble burst nearly six years ago, but the worst may be yet to come. After a landmark settlement, the major banks have lifted a freeze on foreclosures and government relief has been too small to make... |
| 650 ## - SUBJECT ADDED ENTRY--TOPICAL TERM | |
| General subdivision | Business and Economics. |
| 856 ## - ELECTRONIC LOCATION AND ACCESS | |
| Uniform Resource Identifier | <a href="http://topdocumentaryfilms.com/sale-american-dream/">http://topdocumentaryfilms.com/sale-american-dream/</a> |
| Withdrawn status | Lost status | Damaged status | Home library | Current library | Date acquired | Total Checkouts | Date last seen | Price effective from | Koha item type |
|---|---|---|---|---|---|---|---|---|---|
| College Library | College Library | 05/17/2017 | 05/17/2017 | 05/17/2017 | Documentary Films |